000 01754nas a2200505 i 4500
001 196113
003 SpMaBN
005 20250824012602.0
007 ta
008 240813c20199999sp ar p 0 b0spa
010 _an
_b0
015 _aREV2103
017 _aTO 415-2019
_bOficina Depósito Legal Toledo
022 0 _a2990-3610
_2_u
035 _a(SpMaBN)a6910069
035 _a(OCoLC)1262503046
035 _a991035555099708606
037 _bArroyada, 16, 45100; tf. 638819714; c.e.: redaccion@masescena.es, p. web: www.masescena.es
040 _aSpMaBN
_bspa
_cSpMaBN
_erdc
_dES-MaACL
080 _a792
080 _a792.8
130 0 _aMasescena (Sonseca)
_9238321
222 0 _aMasescena
245 1 0 _aMasescena :
_bteatro, danza, circo : anuario
246 3 _aMas escena
260 _aSonseca, Toledo :
_bAsociación Torre Tolanca,
_cD.L. 2019-
300 _av. ;
_c30 cm
310 _atrimestral
_bjun. 2023-(2024)-2025-
321 _aAnual
_b2018-2021
336 _aTexto (visual)
_2isbdcontent
337 _asin mediación
_2isbdmedia
362 0 _a2018-
588 _aDescripción basada en: n.1 (jun. 2023)
594 _aTítulo tomado de la cubierta
650 7 _aTeatro
_2embne
_917290
650 7 _aDanza
_9135869
655 7 _9226866
_aRevistas
710 2 _aAsociación Torre Tolanca
_9238322
776 0 8 _iVersión en línea
_tMasescena (Internet) =
_xISSN 2990-3629
_0196115
_w196115
852 _aES-MaACL
_cHEM
_jHEM-1929
_hDonación: Editorial
_zRevista viva, no se expurga
_zCasillero actual: Cº 32
_9203948
866 _o2023-(2024)-2025-
942 _n0
_cPERIODICA
955 _bPilar Fernández Vera
999 _c196113
_d196113